Walt Disney - Vrai-Faux - Statistiques

Statistiques générales
  • Ce quiz a été pris 107 fois
  • Le résultat moyen est 19 sur 50
Statistiques - réponses
Question Réponse % Correct
En rentrant de France, WD cherche un emploi de dessinateur publicitaire VRAI
63%
Le premier animal mascotte de WD est un lapin VRAI
63%
Le véritable prénom de WD est Walter VRAI
63%
Dans les restaurants des parcs Disney on sert du beurre d'Isigny VRAI
58%
WD connait le succès avec son premier personnage mais il n'en détient pas les droits et doit le céder à d'autres studios VRAI
54%
Pendant la 1ère Guerre mondiale, WD est refusé par l'armée américaine car il est trop jeune VRAI
54%
C'est en 1934 que WD prend la décision de créer un long métrage animé sur le thème de Blanche-Neige VRAI
54%
WD est né en 1900 à Londres FAUX
50%
Pat Hibulaire et Minnie Mouse apparaissent dans le premier film sonore de WD VRAI
50%
Le père de WD est charpentier VRAI
50%
Le succès de Blanche-Neige permet à WD de faire reconstruire ses studios VRAI
50%
Dans les années 1950, l'empire Disney s'intéresse à la télévision VRAI
50%
En octobre 1923, WD crée les Studios Disney VRAI
50%
WD créera un blason pour La Belle au bois dormant inspiré des armes de Normandie VRAI
50%
Le premier parc Disney ouvre en 1960 FAUX
46%
Le projet du parc de Floride débute en 1964 mais il n'ouvre qu'en 1971 VRAI
46%
WD était passionné par le train, il consacrera beaucoup de temps à la construction de trains miniatures VRAI
46%
Le succès de Mickey conduit WD à le faire apparaitre dans 12 films dès 1931 VRAI
46%
Un jour de 1919, embourbé, le jeune ambulancier aurait été recueilli par un garde-barrière à Epinal FAUX
42%
WD n'est pas un très bon dessinateur mais il a beaucoup d'idées... VRAI
42%
La première souris créée par WD est prénommée Mortimer VRAI
42%
WD reçoit un Oscar d'honneur pour la création de Mickey en 1939 FAUX
38%
De 1929 à 1939, WD produit les Silly Symphonies qui ont pour héros Pluto FAUX
38%
Le premier film sonore de WD s'appelle Steemboat FAUX
38%
WD est le 4e fils d'un père d'origine galloise FAUX
38%
En 1940, WD sort Pinocchio et Fantasia qui sont des échecs financiers VRAI
38%
WD est conducteur d'ambulances en France jusqu'en septembre 1919 pour la Croix rouge VRAI
38%
WD n'a eu que deux filles, dont une adoptive. VRAI
38%
WD commence à travailler à l'âge de 10 ans FAUX
33%
La société Disney organise les cérémonies d'ouverture des Jeux Olympiques de 1960 FAUX
33%
WD commence à créer des films en dessin animés en 1922, ces films parlent de l'actualité FAUX
33%
Pour financer son premier film d'animation sonore, WD doit vendre son automobile VRAI
33%
WD est un patron exigeant, il interdit la barbe à tous ses employés VRAI
33%
WD aurait été le descendant d'un jeune noble français ayant pris part à la conquête de l'Angleterre en 1066. VRAI
33%
WD crée les Alice Comedies qui mêlent prises réelles et dessin en 1925 FAUX
29%
La première entreprise créée par WD fait faillite et devient contrôleur dans les chemins de fer FAUX
29%
WD suit des cours de dessin le samedi matin à Kansas City FAUX
29%
Au début des années 60, WD rêve de créer une cité idéale de 20000 habitants abritée sous un dôme. Il y renonce faute d'argent. FAUX
29%
En 1939; l'Oscar qui est remis à WD pour Blanche-Neige est accompagné de sept nains VRAI
29%
Malgré le succès de ses films, WD ne dégage presque pas de bénéfice avant 1935 VRAI
29%
En 1944, WD ressort Blanche-Neige avec succès VRAI
29%
A partir des années 1950, WD consacre moins de temps à son entreprise pour favoriser sa famille VRAI
29%
Jeune homme, WD est facteur mais aussi garde du métro de Chicago VRAI
25%
WD arrive en France le 9 novembre 1918 VRAI
25%
WD meurt en décembre 1966 en Floride FAUX
21%
Dumbo est présenté au public en 1942 FAUX
21%
WD a reçu la Légion d'Honneur française en 1946 FAUX
17%
Le parrain de WD est un pasteur qui lui donne son prénom VRAI
17%
WD a reçu de son vivant 11 Oscars et 4 Oscars d'honneur FAUX
8%
Blanche-Neige sort en février 1939 et devient le film le plus rentable de l'année FAUX
8%
Aucun quiz correspondant
Distribution des résultats
% des personnes avec chaque résultat
Percentile par nombre de réponses
Votre historique - résultats
Vous n’avez pas pris ce quiz